000 01393cam a2200301 a 4500
001 16272307
005 20110416123753.0
008 100608s2010 fluabf b 001 0 eng
020 _a9781420075700 (hardcover : alk. paper)
020 _a1420075705 (hardcover : alk. paper)
035 _a(OCoLC)ocn473479058
040 _aDLC
_cDLC
_dUKM
_dDEBBG
_dBTCTA
_dBAKER
_dYDXCP
_dC#P
_dCDX
_dBWX
_dDLC
082 0 0 _a621.44
_222
_bGLA
100 1 _aGlassley, William E.
_928727
245 1 0 _aGeothermal Energy :
_bRenewable Energy and the Environment /
_cWilliam E. Glassley.
260 _aBoca Raton :
_bCRC Press,
_cc2010.
300 _axxi, 290 p., [8] p. of plates :
_bill. (some col.), maps (some col.) ;
_c27 cm.
490 1 _aEnergy and the environment
_928728
504 _aIncludes bibliographical references and index.
650 0 _aGeothermal engineering.
_928729
650 0 _aGeothermal resources.
_928730
650 0 _aGeothermal resources
_xEnvironmental aspects.
_928731
653 _bMec
_cFebruary2012
830 0 _aEnergy and the environment (Boca Raton, Fla.)
_928732
942 _2ddc
_cBB
999 _c16421
_d16421